On the convergence of some quasi-Newton methods for nonlinear equations with nondifferentiable operators.
Analýza konvergencie niektorých kvázinewtonovských metód pre riešenie nelineárnej rovnice Ax + g(x) = 0 vo viacrozmernej reálnej doméne, kde A je matica n x n a g je operátor, ktorý nie je diferencovateľný, ale je lipschitzovský a spojitý. Uvádza sa nová veta o konvergencii tejto metódy na základe i...
Saved in:
| Main Author: | |
|---|---|
| Other Authors: | |
| Format: | Book Chapter |
| Language: | English |
| Subjects: | |
| Tags: |
No Tags, Be the first to tag this record!
|
MARC
| LEADER | 00000naa a2200000 4500 | ||
|---|---|---|---|
| 001 | r009946 | ||
| 005 | 20221130112647.3 | ||
| 041 | 0 | |a eng | |
| 044 | |a AT | ||
| 245 | 1 | 0 | |a On the convergence of some quasi-Newton methods for nonlinear equations with nondifferentiable operators. |c X. Chen, T. Yamamoto |
| 520 | |a Analýza konvergencie niektorých kvázinewtonovských metód pre riešenie nelineárnej rovnice Ax + g(x) = 0 vo viacrozmernej reálnej doméne, kde A je matica n x n a g je operátor, ktorý nie je diferencovateľný, ale je lipschitzovský a spojitý. Uvádza sa nová veta o konvergencii tejto metódy na základe intervalovej analýzy. | ||
| 610 | 2 | 0 | |a metódy matematické |
| 610 | 2 | 0 | |a teória konvergencie |
| 610 | 2 | 0 | |a matice |
| 100 | 1 | |a Chen, X. | |
| 700 | 1 | |a Yamamoto, Taku | |